<?xml version="1.0" encoding="UTF-8"?>
<record
    xmlns:xsi="http://www.w3.org/2001/XMLSchema-instance"
    xsi:schemaLocation="http://www.loc.gov/MARC21/slim http://www.loc.gov/standards/marcxml/schema/MARC21slim.xsd"
    xmlns="http://www.loc.gov/MARC21/slim">

  <leader>02118nam a2200265 a 4500</leader>
  <controlfield tag="001">ASIN3897903814</controlfield>
  <controlfield tag="003">OSt</controlfield>
  <controlfield tag="005">20180116192424.0</controlfield>
  <controlfield tag="008">140828s2013    xxu                 eng d</controlfield>
  <datafield tag="020" ind1=" " ind2=" ">
    <subfield code="a">3897903814 (paperback)</subfield>
  </datafield>
  <datafield tag="020" ind1=" " ind2=" ">
    <subfield code="a">9783897903814 (paperback)</subfield>
  </datafield>
  <datafield tag="040" ind1=" " ind2=" ">
    <subfield code="c">sada</subfield>
  </datafield>
  <datafield tag="082" ind1=" " ind2=" ">
    <subfield code="a">745.4</subfield>
    <subfield code="b">ESS 2013</subfield>
  </datafield>
  <datafield tag="100" ind1="1" ind2=" ">
    <subfield code="a">Esslinger, hartmut.</subfield>
    <subfield code="9">7776</subfield>
  </datafield>
  <datafield tag="245" ind1="1" ind2="0">
    <subfield code="a">Design forward :</subfield>
    <subfield code="b">creative strategies for sustainable change /</subfield>
    <subfield code="c">Hartmut Esslinger.</subfield>
  </datafield>
  <datafield tag="260" ind1=" " ind2=" ">
    <subfield code="a">[S.l.] :</subfield>
    <subfield code="b">Arnoldsche Verlagsanstalt,</subfield>
    <subfield code="c">2013.</subfield>
  </datafield>
  <datafield tag="300" ind1=" " ind2=" ">
    <subfield code="a">300 p. ;</subfield>
    <subfield code="c">25 cm.</subfield>
  </datafield>
  <datafield tag="520" ind1=" " ind2=" ">
    <subfield code="a">Design as a strategic and holistic way of finding and creating sustainable and successful solutions A presentation of new tendencies and strategic approaches that work for positive change In this book Hartmut Esslinger - one of the most influential designers and thinkers, as well as the founder of frog design - explains how 'strategic design' in business and society can and must bring about positive change through innovative creativity. A key component is the strategically extended definition of design as a convergent and humanistic amalgamation of technology, the environment and the economy. For Esslinger, design has always been a key strategic discipline, which he has practised successfully in cooperation with companies such as Wega, Louis Vuitton, Sony, SAP and especially Apple, collaborating directly with Steve Jobs. Therefore in this book he sets out to establish a wide range of creative innovators as top executives, who are equally influential and occupy leading positions in economics, education and politics. Every future projection is always based on history, Design Forward also shows relevant and richly illustrated case studies taken from Esslinger's career, as well as selected works by his students at the University of Applied Arts in Vienna.</subfield>
  </datafield>
  <datafield tag="650" ind1=" " ind2=" ">
    <subfield code="a">Strategic planning</subfield>
    <subfield code="9">7777</subfield>
  </datafield>
  <datafield tag="650" ind1=" " ind2=" ">
    <subfield code="a">Sustainable design</subfield>
    <subfield code="9">7778</subfield>
  </datafield>
  <datafield tag="650" ind1=" " ind2=" ">
    <subfield code="a">Industrial design</subfield>
    <subfield code="9">7779</subfield>
  </datafield>
  <datafield tag="700" ind1="1" ind2=" ">
    <subfield code="a">Esslinger, Hartmut.</subfield>
    <subfield code="9">7780</subfield>
  </datafield>
  <datafield tag="856" ind1="4" ind2="0">
    <subfield code="3">Amazon.com</subfield>
    <subfield code="u">http://www.amazon.com/exec/obidos/ASIN/3897903814/chopaconline-20</subfield>
  </datafield>
  <datafield tag="942" ind1=" " ind2=" ">
    <subfield code="2">ddc</subfield>
    <subfield code="c">BK</subfield>
  </datafield>
  <datafield tag="999" ind1=" " ind2=" ">
    <subfield code="c">354010</subfield>
    <subfield code="d">354010</subfield>
  </datafield>
  <datafield tag="952" ind1=" " ind2=" ">
    <subfield code="0">0</subfield>
    <subfield code="1">0</subfield>
    <subfield code="2">ddc</subfield>
    <subfield code="4">0</subfield>
    <subfield code="7">0</subfield>
    <subfield code="a">SADA</subfield>
    <subfield code="b">SADA</subfield>
    <subfield code="d">2014-08-27</subfield>
    <subfield code="l">2</subfield>
    <subfield code="m">2</subfield>
    <subfield code="o">745.4 ESS 2013</subfield>
    <subfield code="p">SADA0002378</subfield>
    <subfield code="r">2016-01-04</subfield>
    <subfield code="s">2015-12-14</subfield>
    <subfield code="v">3823.33</subfield>
    <subfield code="w">2014-08-28</subfield>
    <subfield code="y">BK</subfield>
  </datafield>
</record>
